Asterix in Belgium

Bibliographic Details
Format: Book
Published: London : Hodder Dargaud , 1970

MARC

LEADER 00000cam a2200000 7i4500
001 0000003431
002 000003699
005 20000330.0
020 |a 034027753X 
090 0 0 |a c   |b AST 
245 0 0 |a Asterix in Belgium   |c Goscinny 
260 |a London :   |b Hodder Dargaud ,   |c 1970 
300 |a 48p. ;   |c 29cm. 
999 |a 036949   |b BUKU   |c CARTOON   |e PERPUSTAKAAN KOMUNITI PETALING JAYA